header

Victorian traffic (Record no. 58745)

MARC details
000 -LEADER
fixed length control field 01201nam a2200301Ia 4500
245 00 - TITLE STATEMENT
Title Victorian traffic
260 ## - PUBLICATION, DISTRIBUTION, ETC. (IMPRINT)
Place of publication Newcastle :
Name of publisher Cambridge Scholars,
Year of publication 2008.
300 ## - PHYSICAL DESCRIPTION
Number of Pages xxi, 327 p. :
Other physical details ill.
650 #0 - SUBJECT ADDED ENTRY--TOPICAL TERM
Topical Term Communication and traffic
700 1# - ADDED ENTRY--PERSONAL NAME
Personal name Thomas, Sue,
856 40 - ELECTRONIC LOCATION AND ACCESS
Uniform Resource Identifier http://site.ebrary.com/lib/rucke/Doc?id=10676979

No items available.

© 2026 Rongo University
Contact us: librarian | system librarian | Rongo university